000 00368nam a2200133Ia 4500
005 20260328104245.0
008 260328s9999||||xx |||||||||||||| ||und||
100 _aMijares Bracho, Carlos
245 0 _aLa Petatera :
_bde la villa de Alvarez en Colima /
_cCarlos Mijares Bracho
260 _bUniversidad de Colima
300 _a223 p.
650 _aMEXICO
942 _cBK
999 _c10049
_d10049